| 000 | 00717cam a2200205za 4500 | ||
|---|---|---|---|
| 005 | 20230403153457.0 | ||
| 008 | 230403e201706uuxxk | |||||||0|0 eng|d | ||
| 020 | _a9780414058040 (pbk.) : | ||
| 020 | _a0414058046 (pbk.) : | ||
| 041 | _aeng | ||
| 082 | 0 | 4 | _a343.41078624 |
| 245 | 1 | 0 |
_aJCT: Construction Management Appointment 2016. _bCM/A 2016 |
| 260 |
_aLondon : _bSweet & Maxwell : _b[distributor] Sweet & Maxwell Ltd : _b[distributor] Thomson Reuters : _b[distributor] Thomson Reuters : _b[distributor] Academic Marketing Services (Pty), _c2017. |
||
| 300 | _a47p. | ||
| 490 | _aJCT Contracts 2016 | ||
| 500 | _aPaperback. | ||
| 651 | _aUnited Kingdom | ||
| 942 | _n0 | ||
| 999 |
_c121421 _d121421 |
||